000
00213 a2200097 4500
001
27338
100
_a
Ali, B
245
_a
Muslim social philosophy
260
_a
_b
J.F. Publications
_c
1971
090
_c
18164
_d
18164
942
_a
NUST-CAE
_c
M
_c
9074
999
_c
262411
_d
262411